000 01047cam a2200289 4500
001 M94938
008 090401t1998 xxu||||| |||| 00| 0 eng d
035 _a(Sirsi) u89570
041 _aeng
050 _a346.4104342
_c18
110 _aRoyal Institution of Chartered Surveyors
_94900
245 _aAgreement for the creation of an assured shorthold tenancy under Part 1 of the Housing Act 1988 (England and Wales only) as amended by the Housing Act 1996.
250 _aRev. ed.
260 _aLondon
_bRICS
_c1998
300 _a15p.
_c30cm.
350 _a8.23
490 _aRICS Conditions of Engagement
490 _aRICS Model Tenancies
520 _aIncludes RICS model terms and conditions of engagement for the creation of an assured shorthold tenancy.
520 _aSuperseded by second edition (ISBN 1842190946). Supersedes first edition (M2187).
650 _aASSURED SHORTHOLD TENANCIES
650 _aHOUSING ACT 1988 PART I
650 _aHOUSING ACT 1996
690 _aRural
_96268
942 _n0
948 _c10/11/1998
999 _c97475
_d97475